000 02790cam a2200301 4500500
005 20260329003145.0
041 _afre
042 _adc
100 1 0 _aMoutaouakkil, Youssef
_eauthor
700 1 0 _aMounir, Radia
_eauthor
700 1 0 _aEl Cadi, Mina Ait
_eauthor
700 1 0 _aLamsaouri, Jamal
_eauthor
700 1 0 _aBousliman, Yassir
_eauthor
700 1 0 _aElJaoudi, Rachid
_eauthor
245 0 0 _aToxicologie des cannabinoïdes de synthèse
260 _c2024.
500 _a20
520 _aSynthetic cannabinoids (CS), or synthetic endocannabinoid receptor agonists, were initially synthesized for basic research into exocannabinoid signaling pathways, as well as in clinical research for their analgesic properties. The use of CS for recreational purposes is a recent phenomenon, but one that has grown very quickly in recent years, since these molecules now represent the main category of new synthetic products (NPS). This literature review aims to bring together current data regarding the use and effects caused by CS in humans. The relationship between the structure and activity of these CSs, the pharmacology and adverse effects of these CSs and finally the different methods of analyzing CSs. A better understanding of this phenomenon is essential to raise awareness among stakeholders in the health field.
520 _aLes cannabinoïdes de synthèse (CS), ou agonistes synthétiques des récepteurs aux endocannabinoïdes, ont été initialement synthétisés pour la recherche fondamentale sur les voies de signalisation des exocannabinoïdes, ainsi qu’en recherche clinique pour leurs propriétés analgésiques. L’usage des CS à des fins récréatives est un phénomène récent, mais qui a pris très rapidement de l’ampleur au cours des dernières années, puisque ces molécules représentent aujourd’hui la principale catégorie des nouveaux produits de synthèse (NPS). Cette revue de la littérature a pour but de regrouper les données actuelles concernant l’utilisation et les effets provoqués par les CS chez l’homme. La relation entre la structure et l’activité de ces CS, la pharmacologie et les effets indésirables de ces CS et enfin les différentes méthodes d’analyse des CS. Une meilleure compréhension de ce phénomène est indispensable pour sensibiliser les acteurs du champ sanitaire.
690 _acannabinoïdes de synthèse
690 _anouveaux produits de synthèse
690 _atoxicologie
690 _anew synthetic products
690 _asynthetic cannabinoids
690 _atoxicology
786 0 _nAnnales de Biologie Clinique | 82 | 2 | 2024-03-01 | p. 151-173 | 0003-3898
856 4 1 _uhttps://stm.cairn.info/revue-annales-de-biologie-clinique-2024-2-page-151?lang=fr&redirect-ssocas=7080
999 _c1821934
_d1821934